Udržateľná marketingová komunikačná stratégia ako nástroj pre podporu konkurencieschopnosti v oblasti priemyselnej výroby
Využitie udržateľnej marketingovej komunikačnej stratégie ideálneho priemyselného podniku pre zvýšenie jeho konkurencieschopnosti. Udržateľná marketingová komunikačná stratégia pri tvorbe imidžu priemyselných podnikov na Slovensku v kontexte so stratégiou udržateľného spoločensky zodpovedného podnik...
Guardado en:
| Autor principal: | |
|---|---|
| Otros Autores: | |
| Formato: | Capítulo de libro |
| Lenguaje: | eslovaco |
| Materias: | |
| Etiquetas: |
Sin Etiquetas, Sea el primero en etiquetar este registro!
|
MARC
| LEADER | 00000nla a2200000 4500 | ||
|---|---|---|---|
| 001 | 0247418 | ||
| 005 | 20240417075144.5 | ||
| 041 | 0 | |a slo | |
| 044 | |a SK | ||
| 245 | 1 | 0 | |a Udržateľná marketingová komunikačná stratégia ako nástroj pre podporu konkurencieschopnosti v oblasti priemyselnej výroby |c Monika Šujaková, Peter Sakál |
| 520 | |a Využitie udržateľnej marketingovej komunikačnej stratégie ideálneho priemyselného podniku pre zvýšenie jeho konkurencieschopnosti. Udržateľná marketingová komunikačná stratégia pri tvorbe imidžu priemyselných podnikov na Slovensku v kontexte so stratégiou udržateľného spoločensky zodpovedného podnikania. | ||
| 610 | 2 | 0 | |a podnik priemyselný |
| 610 | 2 | 0 | |a rozvoj trvalo udržateľný |
| 610 | 2 | 0 | |a komunikácia marketingová |
| 610 | 2 | 0 | |a marketing mix |
| 610 | 2 | 0 | |a imidž |
| 100 | 1 | |a Šujaková, Monika | |
| 700 | 1 | |a Sakál, Peter | |